Stephen Sanchez Discography - Statistics

General Stats
  • This quiz has been taken 44 times
  • The average score is 25 of 32
Answer Stats
Angel Face % Correct
6 Until I Found You
97%
7 Until I Found You
97%
4 Until I Found You
97%
8 High
95%
1 Something About Her
92%
5 Be More
89%
2 Evangeline
89%
2 Evangeline
89%
7 Shake
89%
4 Only Girl
86%
1 Only Girl
86%
4 The Pool
86%
1 Hey Girl
78%
3 I Need You Most Of All
78%
3 Mountain Peaks
78%
2 See The Light
78%
12 Death Of The Troubadour
76%
5 Kayla
76%
3 Kayla
76%
10 No One Knows
76%
5 Easy On My Eyes
73%
1 Hold Her While You Can
73%
2 Love Life
73%
11 Caught In A Blue
70%
4 Please Don't Go Home Yet
70%
6 Because Of You
68%
13 Send My Heart With A Kiss
68%
9 Doesn't Do Me Any Good
65%
5 I Want You
62%
6 Lady by the Sea
62%
6 Until We Meet Again
57%
3 Missing You
54%
No matching quizzes found
Score Distribution
Percent of People with Each Score
Percentile by Number Answered
Your Score History
You have not taken this quiz